00394nam a22000977a 4500008004100000082001500041100001600056245018000072260003500252300000900287230619b xxu||||| |||| 00| 0 eng d a301.3bDUN cAnne Dundas aBeneath African GlaciersbThe Humours, tragedies and demands of an E.A Government satation as expected by an officials wife:with some personal views on native life and customs aLondonbH.F & G.Witherbyc1924 a238p